LEADER 01159nam a2200289 4500 001 991003180439707536 008 040720s2004 it a b 0 0 ita d 020 $a8879465872 035 $ab1303604x-39ule_inst 040 $aDip.to Scienze pedagogiche 082 0 $a155.2 082 14$a153 100 1 $aCarver, Charles S.$0113613 245 10$aAutoregolazione del comportamento :$bscopi e processi di controllo retroattivo /$cCharles S. Carver e Michael F. Scheier 264 4$aTrento :$bErickson,$cc2004 300 $a466 p. :$bill. ;$c24 cm 490 0 $aCollana di psicologia 504 $aContiene bibliografia 650 4$aComportamento$xPsicologia 700 1 $aScheier, Michael F. 907 $a.b1303604x$b09-01-18$c20-07-04 912 $a991003180439707536 945 $aLE022 155 CAR02.01$g1$i2022000111836$lle022$op$pE23.00$q-$rl$s- $t0$u4$v1$w4$x0$y.i1365746x$z27-07-04 945 $aLE021 SOC23BISB87$g1$i2021000134371$lle021$nBiblioteca$o-$pE0.00$q-$rl$s- $t0$u0$v0$w0$x0$y.i13915125$z03-11-04 996 $aAutoregolazione del comportamento$9287328 997 $aUNISALENTO 998 $ale022$ale021$b20-07-04$cm$da $e-$fita$git $h0$i0 LEADER 01260nam0 22003011i 450 001 CUB0013722 005 20231121125459.0 020 $aIT$b1934 1246 100 $a20181122d1933 ||||0itac50 ba 101 | $aita 102 $ait 181 1$6z01$ai $bxxxe 182 1$6z01$an 200 1 $aLezioni di geografia economica e politica, tenute nella Facoltą di scienze politiche della R. Universitą di Roma. 1., Parte generale$friassunte a cura di Maria Modigliani 210 $aRoma$c[s. n.]$d1933$eFirenze, Tip. R. Paoli 215 $a8. p. 180 300 $aL. 20. 700 1$aAlmagią$b, Roberto$3CFIV092875$4070$04190 702 1$aModigliani$b, Maria$3GEAV014780 790 1$aVarenio$b, Bernardo$3SBNV037782$zAlmagią, Roberto 801 3$aIT$bIT-01$c20181122 850 $aIT-FR0017 899 $aBiblioteca umanistica Giorgio Aprea$bFR0017 $eN 912 $aCUB0013722 950 0$aBiblioteca umanistica Giorgio Aprea$d 52DOB 642-2$e 52FLS0000354945 VMB RS $fA $h20181122$i20181122 977 $a 52 996 $aLezioni di geografia economica e politica, tenute nella Facoltą di scienze politiche della R. Universitą di Roma. 1., Parte generale$93606554 997 $aUNICAS